000 00704nam a2200265Ia 4500
001 Para_8646
003 CHAP
008 220125s9999 xx 000 0 und d
010 _a207457
040 _cCHAP
082 _aPA-C 595.752 A6
100 _aTakahashi, Ryoichi
_9111377
245 _aAphis of Okinoshima /
_c by Takahashi
300 _a5 p.
440 _aAphidae; 28
_9174048
500 _aEncuadernado con otros impresos similares
650 _a
_x Afididos
_x Colecciones de escritos
_9171241
901 _aPA-C 595.752 A6
902 _aA
905 _a000000 0000000000 00
910 _a
942 _cPARA
942 _cPARA
_d1
999 _c207457
_d207457